000 00866nam a2200277Ia 4500
003 OSt
005 20221005084731.0
006 a|||||r|||| 00| 0
007 ta
008 221004b |||||||| |||| 00| 0 eng d
020 _a9781501330551 (pbk)
_cUKP 31.99
024 _a44226
037 _b1689, 13/03/2019, Bright Book Service
_cTextual
040 _aCRL
_cCRL
_beng
041 _2eng
_aeng
082 _aR31, Q7
100 _aGordon Paul Au.
_9613536
245 0 _aArt as the absolute
_b art's relation to metaphysics in kant, fichte, schelling, hegel, and schopenhauer
260 _aNew York
_bBloomsbury USA
_c2017
300 _axv,195p.
_ccm.
650 _a METAPHYSICS
650 _a PHILOSOPHY
650 _aARTS
942 _hR31, Q7
_cTEXL
_2cc
999 _c993037
_d993037